Highway engineering /

This book presents to readers about planning, design, construction, operation, and maintenance of highways which depend largely on the efforts of the highway engineer, who must translate the desires of the people for better highway transportation into physical being.

Đã lưu trong:
Bibliografiske detaljer
Hovedforfatter: Wright, Paul H.
Format: Bog
Sprog:English
Udgivet: New York : John Wiley and Sons, 1996.
Udgivelse:6th ed.
Fag:
Tags: Tilføj Tag
Ingen Tags, Vær først til at tagge denne postø!
Thư viện lưu trữ: Mạng thư viện Đại học Đà Nẵng
LEADER 01384cam a2200361 i 4500
001 000048893
003 8619
005 20051111141817.0
008 010324b1996 vm 000 eng
020 |a 0471003158 
040 |a IRC  |c IRC  |d IRC 
041 0 |a eng 
082 1 4 |a 625.7  |b WR-P 
100 1 |a Wright, Paul H. 
245 0 0 |a Highway engineering /  |c Paul H. Wright ; with contributions by James S. Lai .. [et al.] 
250 |a 6th ed. 
260 |a New York :  |b John Wiley and Sons,  |c 1996. 
300 |a 680 p. ;  |c 25cm. 
520 3 |a This book presents to readers about planning, design, construction, operation, and maintenance of highways which depend largely on the efforts of the highway engineer, who must translate the desires of the people for better highway transportation into physical being. 
630 0 4 |a Highway engineering. 
650 0 4 |a Highway engineering. 
OWN |a DUT 
AVA |a UDN50  |b DUT  |c Book  |d 625.7 WR-P  |e available  |t Error 5001 Not defined in file expand_doc_bib_avail.  |f 1  |g 0  |h N  |i 0  |j SH  |k 1 
999 |a From the UDN01 
AVA |a UDN50  |b DUT  |c Book  |d 625.7 WR-P  |e available  |t Error 5001 Not defined in file expand_doc_bib_avail.  |f 1  |g 0  |h N  |i 0  |j SH  |k 1 
TYP |a Monograph 
TYP |a Printed language 
980 |a Mạng thư viện Đại học Đà Nẵng